| 000 | 01349nam a2200253 a 4500 | ||
|---|---|---|---|
| 001 | 000027291 | ||
| 005 | 20200930030729.0 | ||
| 008 | 110331t2001 dr ach 001 0bspa d | ||
| 040 |
_aDO-SdBNP _bspa _cBNPHU |
||
| 082 |
_a540.92 _bN769C |
||
| 100 | 1 |
_aCampillo Pérez, Julio Genaro, _d1922-2001 _938918 |
|
| 245 | 1 | 0 |
_aEmilio Noelting : _bun químico dominicano que iluminó a Europa / _cJulio Genaro Campillo Pérez. |
| 260 |
_aSanto Domingo : _bAcademia Dominicana de la Historia, _c2001. |
||
| 300 |
_avii, 213 p. : _bil., facsíms., retrs. ; _c23 cm. |
||
| 490 | 1 |
_aFondo para la historia de la República Dominicana _aB _v2 |
|
| 504 | _aIncluye bibliografía y notas al pie de páginas. | ||
| 505 | 0 |
_gHomenaje a Domingo Emilio Noelting Juliá en el 150 aniversario de su natalicio -- _tCronología de Domingo Emilio Noelting Juliá (1851-1922) -- _tHistoria familiar -- _tHistoria científica -- _gIconografía : _tIconografía familiar contemporánea -- _tIconografía profesional -- _tIconografía familiar moderna. |
|
| 600 | 1 | 4 |
_aNOELTING JULIÁ, EMILIO DOMINGO, _d1851-1922 _xFAMILIA _954365 |
| 650 | 4 |
_aQuímicos _zRepública Dominicana _954366 |
|
| 651 | 4 |
_aRepública Dominicana _xGenealogía _92157 |
|
| 830 | 0 |
_aFondo para la historia de la República Dominicana _pB _v2 _954367 |
|
| 910 | _aValidado. Control de calidad EMS. | ||
| 049 | _aBNPD | ||
| 999 |
_c26783 _d26783 |
||